000 01111nam a2200301 i 4500
003 EG-GICUC
005 20260221191655.0
008 260210s1998 ua ||||fr ||| 00| 0 ara d
040 _aEG-GICUC
_cEG-GICUC
_dEG-GICUC
_erda
_bara
041 0 _aara
082 0 4 _221
_a341.83
_bج م . م
092 0 4 _221
099 _aLaw1 12 341.83 ج م . م 1999
100 1 _aجمال محمود الكردي
_eمؤلف.
245 1 2 _aمركز الأجانب في القانون المقارن و القانون المصري /
_cجمال محمود الكردي .
250 _aالطبعة الأولي
264 0 _aمصر :
_bدار النهضة العربية,
_c1999 .
300 _a201 صفحة ؛
_c30 سم.
336 _atext
_2rda content
337 _aComputer
_2rda media
338 _aOnline Resource
_2rda carrier
546 _aالنص باللغة العربية
650 0 4 _aالقانون الدولي الخاص
650 0 4 _aالأجانب-مركز قانوني-قانون دولي
856 _uhttps://fll.law.cu.edu.eg/fulltext/th/B12-01727.pdf
905 _a59
942 _2ddc
_cBK
_e21
_n0
999 _c62504
_d62504